000 00522nam a2200169Ia 4500
003 GCL
008 140319s9999 xx 000 0 eng d
040 _aGCL /
_cGCL
082 0 4 _a791.43
_bB C
100 1 _aBIBLIATHEQUE NATIONALE DE FRANCE
245 1 0 _aLE CINEMA AU RENDEZ - VOUS DES ARTS FRANCE, ANNEES 20 ET 30 /
_cBIBLIATHEQUE NATIONALE DE FRANCE
260 _a[S.N] :
_bBIBLIIOTHE'QUE NATIONALE DU QUE'BEC ،
_c1995
300 _a223 P
650 0 4 _aMOTION PICTURES - FRANCE
650 0 4 _aARTS
942 _2ddc
_cBK
999 _c15946
_d15946